• 首页
  • 本馆介绍
  • 公告通知
  • 最新文献
  • 馆藏检索
  • 电子资源
  • 读者导购
  • 参考咨询
  • 我的图书馆
  • 登录
  • 详细信息显示
  • 放入我的书架
  • 预约/预借图书
  • 作者相关作品
  • 分类相关作品
  • 丛书相关作品
  • 出版社相关作品

书目信息

  • 表格格式
  • 工作单格式
  • 卡片格式
题名:
环境法的新发展
    
 
作者: 常纪文 , 杨朝霞 著
分册:  
出版信息: 北京   中国社会科学出版社  2008
页数: 435页
开本: 24cm
丛书名: 法学学科新发展丛书
单 册:
中图分类: D922.684 , D922.68
科图分类:
主题词: 环境保护法--研究--中国
电子资源:
ISBN: 978-7-5004-7256-8
000 01000nam 2200265 450
001 2366716111
005 20231203183221.02
010    @a978-7-5004-7256-8@dCNY40.00
100    @a20081221d2008 ekmy0chiy50 ea
101 0  @achi
102    @aCN@b110000
105    @ay z 000yy
200 1  @a环境法的新发展@Ahuan jing fa de xin fa zhan@f常纪文, 杨朝霞著
210    @a北京@c中国社会科学出版社@d2008
215    @a435页@d24cm
225 2  @a法学学科新发展丛书@Afa xue xue ke xin fa zhan cong shu
330    @a全书共分14个章节, 主要对环境法的新发展作了介绍, 具体内容包括我国环境法基本政策与原则发展之考察、我国环境法律责任发展之考察、我国排污申报登记制度发展之考察、我国限期治理制度发展之考察、我国环境税费制度发展之考察等。
410  0 @12001 @a法学学科新发展丛书
606 0  @a环境保护法@x研究@y中国
690    @aD922.684@v5
690    @aD922.68@v4
701  0 @a常纪文@Achang ji wen@4著
701  0 @a杨朝霞@Ayang chao xia@4著
801  0 @aCN@b湖北三新@c20090309
905    @aZUCC@dD922.68@e17
    
    环境法的新发展/常纪文, 杨朝霞著.-北京:中国社会科学出版社,2008
    435页;24cm.-(法学学科新发展丛书)
    
    
    ISBN 978-7-5004-7256-8:CNY40.00
    全书共分14个章节, 主要对环境法的新发展作了介绍, 具体内容包括我国环境法基本政策与原则发展之考察、我国环境法律责任发展之考察、我国排污申报登记制度发展之考察、我国限期治理制度发展之考察、我国环境税费制度发展之考察等。
●
相关链接 在五车中查询图书 在当当中查询图书 在豆瓣中查询图书


正题名:环境法的新发展     索取号:D922.68/17         预约/预借

序号 登录号 条形码 馆藏地/架位号 状态 备注
1 2001326588   2001326588   504书库/ [索取号:D922.68/17] 在馆    
2 2001326589   2001326589   504书库/ [索取号:D922.68/17] 在馆    
3 2001326590   2001326590   504书库/ [索取号:D922.68/17] 在馆    
4 2001326591   2001326591   504书库/ [索取号:D922.68/17] 在馆    
5 2001326592   2001326592   504书库/ [索取号:D922.68/17] 在馆    
6 2001326593   2001326593   504书库/ [索取号:D922.68/17] 在馆    
7 2001326594   2001326594   504书库/ [索取号:D922.68/17] 在馆    
8 2001326595   2001326595   504书库/ [索取号:D922.68/17] 在馆    
9 2001326596   2001326596   504书库/ [索取号:D922.68/17] 在馆    
10 2001326597   2001326597   505书库/ [索取号:D922.68/17] 在馆    
11 2001326598   2001326598   315书库/ [索取号:D922.68/17] 在馆    
12 2001326599   2001326599   315书库/ [索取号:D922.68/17] 在馆    
13 2001326600   2001326600   315书库/ [索取号:D922.68/17] 在馆    
14 2001326601   2001326601   315书库/ [索取号:D922.68/17] 在馆    
15 2001326602   2001326602   315书库/ [索取号:D922.68/17] 在馆    
16 2001326603   2001326603   315书库/ [索取号:D922.68/17] 在馆    
17 2001326604   2001326604   505书库/ [索取号:D922.68/17] 在馆    
18 2001326605   2001326605   505书库/ [索取号:D922.68/17] 在馆    
19 2001326606   2001326606   504书库/ [索取号:D922.68/17] 在馆    
20 2001326607   2001326607   504书库/ [索取号:D922.68/17] 在馆    
21 2001326608   2001326608   504书库/ [索取号:D922.68/17] 在馆    
22 2001326609   2001326609   218书库/ [索取号:D922.68/17] 在馆    
23 2001326610   2001326610   218书库/ [索取号:D922.68/17] 在馆    
24 2001326611   2001326611   218书库/ [索取号:D922.68/17] 在馆    
25 2001326612   2001326612   218书库/ [索取号:D922.68/17] 在馆    
26 2001326613   2001326613   218书库/ [索取号:D922.68/17] 在馆    
27 2001326614   2001326614   218书库/ [索取号:D922.68/17] 在馆    
28 2001326615   2001326615   505书库/ [索取号:D922.68/17] 在馆    
29 2001326616   2001326616   505书库/ [索取号:D922.68/17] 在馆    
30 2001326617   2001326617   505书库/ [索取号:D922.68/17] 在馆    
山东省滨州职业学院图书馆 欢迎您!
大连网信软件有限公司© 版权所有